Catálogo

Vista normal Vista MARC

Entrada Personal Name

Número de registros utilizados en: 1

001 - CONTROL NUMBER

  • control field: 10734

003 - CONTROL NUMBER IDENTIFIER

  • control field: DLC

005 - DATE AND TIME OF LATEST TRANSACTION

  • control field: 20200311092232.0

008 - FIXED-LENGTH DATA ELEMENTS

  • fixed length control field: 030226n| acannaabn |n aaa c

010 ## - LIBRARY OF CONGRESS CONTROL NUMBER

  • LC control number: no2003018662

035 ## - SYSTEM CONTROL NUMBER

  • System control number: (OCoLC)oca05982672

040 ## - CATALOGING SOURCE

  • Original cataloging agency: WaLyOCLC
  • Language of cataloging: spa
  • Transcribing agency: Mx-PuUPA
  • Modifying agency: Mx-PuUPA
  • Description conventions: rda

046 ## - SPECIAL CODED DATES

  • Birth date: 1972

100 1# - HEADING--PERSONAL NAME

  • Personal name: Paredes, Mauricio,
  • Dates associated with a name: 1972-

374 ## - OCCUPATION

  • Occupation: Autor

375 ## - GENDER

  • Gender: hombre

377 ## - ASSOCIATED LANGUAGE

  • Language code: spa

670 ## - SOURCE DATA FOUND

  • Source citation: La cama mágica de Bartolo, 2002:
  • Information found: t.p. (Mauricio Paredes) p. 75 (b. in Santiago de Chile in 1972; studied civil and electrical engineering at Pontificia Universidad Católica; worked as engineer until 2001)

670 ## - SOURCE DATA FOUND

  • Source citation: La familia Guácatela, © 2015:
  • Information found: t.p. (Mauricio Paredes) de portada

670 ## - SOURCE DATA FOUND

  • Source citation: Biblioteca del congreso (Estados Unidos), 11 marzo 2020:
  • Information found: Catálogo electrónico
  • Uniform Resource Identifier: http://bit.ly/3aQiNGH